Exposición y defensa de la realidad de las facultades del alma humana (Record no. 138475)
[ view plain ]
| 000 -LEADER | |
|---|---|
| campo de control de longitud fija | 00919nam a2200229 i 4500 |
| 001 - NÚMERO DE CONTROL | |
| campo de control | 138475 |
| 003 - IDENTIFICADOR DE NÚMERO DE CONTROL | |
| campo de control | ES-MaACL |
| 005 - FECHA Y HORA DE LA ÚLTIMA TRANSACCIÓN | |
| campo de control | 20251013193335.0 |
| 007 - CAMPO FIJO DE DESCRIPCIÓN FÍSICA--INFORMACIÓN GENERAL | |
| campo de control de longitud fija | t| |
| 008 - DATOS DE LONGITUD FIJA--INFORMACIÓN GENERAL | |
| campo de control de longitud fija | 070214s1910 sp |||| | spa d |
| 100 1# - ENTRADA PRINCIPAL--NOMBRE DE PERSONA | |
| Nombre de persona | Sanllehy y Girona, Carlos de. |
| 9 (RLIN) | 103179 |
| 245 10 - MENCIÓN DEL TÍTULO | |
| Título | Exposición y defensa de la realidad de las facultades del alma humana |
| Resto del título | : crítica de las teorías de Herbart y Beneke : tesis doctoral / |
| Mención de responsabilidad, etc. | Carlos de Sanllehy y Girona. |
| 260 ## - PUBLICACIÓN, DISTRIBUCIÓN, ETC. | |
| Lugar de publicación, distribución, etc. | Barcelona : |
| Nombre del editor, distribuidor, etc. | [s. n.], |
| Fecha de publicación, distribución, etc. | 1910 ( |
| Fabricante | Estab. Tip. de Mariano Galve) |
| 300 ## - DESCRIPCIÓN FÍSICA | |
| Extensión | 46 p. ; |
| Dimensiones | 20 cm. |
| 502 ## - NOTA DE TESIS | |
| Nota de tesis | Tesis-Univ. Central, Facultad de Filosofía y Letras, 1909. |
| 600 14 - PUNTO DE ACCESO ADICIONAL DE MATERIA--NOMBRE DE PERSONA | |
| Nombre de persona | Herbart, Johann Friedrich. |
| 9 (RLIN) | 147761 |
| 600 17 - PUNTO DE ACCESO ADICIONAL DE MATERIA--NOMBRE DE PERSONA | |
| Nombre de persona | Beneke, Friedrich Eduard, |
| Fechas asociadas al nombre | 1798-1854 |
| Fuente del encabezamiento o término | |
| 9 (RLIN) | 170731 |
| 650 04 - PUNTO DE ACCESO ADICIONAL DE MATERIA--TÉRMINO DE MATERIA | |
| Término de materia o nombre geográfico como elemento de entrada | Alma. |
| 9 (RLIN) | 9739 |
| 710 2# - ENTRADA AGREGADA--NOMBRE DE ENTIDAD CORPORATIVA | |
| Nombre de entidad corporativa o nombre de jurisdicción como elemento de entrada | Universidad Central (Madrid). |
| Unidad subordinada | Facultad de Filosofía y Letras. |
| 9 (RLIN) | 7092 |
| 852 ## - LOCALIZACIÓN | |
| Ubicación | ES-MaACL |
| Número de control de estantería | T-1311-F-1 |
| Estatus retirado | Estado de pérdida | Estado de daño | No para préstamo | Colección | Biblioteca de origen | Biblioteca actual | Ubicación en estantería | Fecha de adquisición | Fuente de adquisición | Total de préstamos | Signatura topográfica completa | Código de barras | Visto por última vez | Precio de reemplazo | Tipo de ítem Koha |
|---|---|---|---|---|---|---|---|---|---|---|---|---|---|---|---|
| Colección de folletos | Biblioteca del Ateneo de Madrid | Biblioteca del Ateneo de Madrid | Depósito folletos | 17/01/2008 | T-1311-F-1 | 1144094 | 23/02/2023 | 23/02/2023 | Folleto |
